Документальный агентурный материал РУ РККА "Мнение Франции о посылке германских войск в Испанию"

RUSMARC
00004149cam0a2200301#x 450
001f2513a43-0926-4c28-8f58-ab7dab8edfd7
00520210830152648.0
100##$a20210830j19361222k###0rusy50 ca
1011#$arus
$cger
102##$aRU
1220#$ad19361222##
2001#$aДокументальный агентурный материал РУ РККА "Мнение Франции о посылке германских войск в Испанию"
$jНе ранее 22 декабря 1936 г.
251##$cДокумент
300##$aПеревод с немецкого языка, современный оригиналу
300##$aОбратная нумерация листов
461#0$12001
$aФ. 37967
$1251
$cФонд
$1852
$j37967
462#0$12001
$aОп. 6
$1251
$cОпись
$1852
$j6
462#0$12001
$aД. 88
$vЛ. 9–4
$1251
$cДело
$1852
$j88
605##$2prlib_sh
$3LIBNET\UAF\0000088514
$aВторая мировая война в архивных документах (Комплекс оцифрованных архивных документов, кино- и фотоматериалов)
$lколлекция
617##$2prlib_sh
$aГермания
$f1936
617##$2prlib_sh
$aФранция
$f1936
617##$2prlib_sh
$aИспания
$f1936
801#0$aRU
$bПБ им. Б.Н. Ельцина
$c20210830
801#1$aRU
$bПБ им. Б.Н. Ельцина
$c20210830
$2rusmarc
801#2$aRU
$bПБ им. Б.Н. Ельцина
$c20210830
$2rusmarc
850##$aРоссийский государственный военный архив
852##$aРГВА
$jЛ. 9–4
8564#$nПБ им. Б.Н. Ельцина
$uhttp://readingroom.main.prlib.ru/item.aspx?id_node=n167760993&mode=full
035##$aLIBNET\0001179911
937##$d167760993
$hФедеральное архивное агентство
Формат отображения